Trouver les mangas ayant commencés après 2014 - Mort Subite - Statistiques

Statistiques générales
  • Ce quiz a été pris 201 fois
  • Le résultat moyen est 3 sur 15
Answers on the Grid
Answers color-coded by a green-red scale on the quiz's grid according to % correct below.
Romio vs Juliet
Love X Dilemma
Analog Drop
My Hero Academia
Tokyo Ghoul:Re
Re:Teen
Fire Force
Grand Blue
Mushoku Tensei : Jobless Reincarnation
Gantz:G
Half & Half
Ao Ashi
The Promised Neverland
Ugly Princess
Love Of Kill
Boruto : Naruto Next Generations
Fuka
Demon Slayer
Bloom Into You
Yamada-Kun and the Seven Witches
Ad Astra
Poison City
Bibliomania
Dead Dead Demon's Dededede Destruction
Kaguya-sama : Love is War
Après la pluie
Gantz
Black Torch
Beastars
Love & Lies
 
Statistiques - réponses
Réponse % Correct
Demon Slayer
53%
Fire Force
36%
Boruto : Naruto Next Generations
35%
The Promised Neverland
34%
Beastars
32%
Ao Ashi
27%
Kaguya-sama : Love is War
21%
Black Torch
8%
Bloom Into You
8%
Bibliomania
4%
Gantz:G
3%
Love Of Kill
1%
Romio vs Juliet
1%
Analog Drop
0%
Re:Teen
0%
Aucun quiz correspondant
Distribution des résultats
% des personnes avec chaque résultat
Percentile par nombre de réponses
Votre historique - résultats
Vous n’avez pas pris ce quiz